Chinese Car Brands - Statistics

General Stats
  • This quiz has been taken 135 times
  • The average score is 6 of 9
Answers on the Grid
Answers color-coded by a green-red scale on the quiz's grid according to % correct below.
Maxus
Toyota
Lexus
Buick
Changfeng
Denza
BYD
BAW
Buick
Brilliance
UD
Zotye
Leyland
Mini
Landwind
Le Blanc
FAW
Autobacs
Wiesmann
Tofaş
 
Answer Stats
Answer % Correct
Changfeng
90%
BYD
89%
Denza
70%
Maxus
67%
BAW
66%
Zotye
56%
FAW
53%
Brilliance
51%
Landwind
47%
No matching quizzes found
Score Distribution
Percent of People with Each Score
Percentile by Number Answered
Your Score History
You have not taken this quiz